Vegeculture in Eastern Asia and oceania (Internaional Area studies conference VII)
Gespeichert in:
| Format: | Buch |
|---|---|
| Sprache: | Undetermined |
| Veröffentlicht: |
Osaka
The Japan Center for area studies
2002
|
| Schlagworte: | |
| Tags: |
Tag hinzufügen
Keine Tags, Fügen Sie den ersten Tag hinzu!
|
| Thư viện lưu trữ: | Trung tâm Học liệu Trường Đại học Cần Thơ |
|---|
| LEADER | 00639nam a2200205Ia 4500 | ||
|---|---|---|---|
| 001 | CTU_170449 | ||
| 008 | 210402s9999 xx 000 0 und d | ||
| 082 | |a 304.2 | ||
| 082 | |b V422 | ||
| 245 | 0 | |a Vegeculture in Eastern Asia and oceania | |
| 245 | 0 | |b (Internaional Area studies conference VII) | |
| 245 | 0 | |c Edited by Yoshida Shuji, Peter J. Mathews | |
| 260 | |a Osaka | ||
| 260 | |b The Japan Center for area studies | ||
| 260 | |c 2002 | ||
| 650 | |a Anthropology,Agricaulture,Nhân chủng học | ||
| 650 | |x Ethnobotany | ||
| 650 | |z Asia,Oceania | ||
| 910 | |a Nguyên | ||
| 980 | |a Trung tâm Học liệu Trường Đại học Cần Thơ | ||